Charakteristika a základné princípy vedenia jednoduchého účtovníctva

Gespeichert in:
Bibliographische Detailangaben
1. Verfasser: Baštincová, Anna
Format: Buchkapitel
Sprache:Slowakisch
Tags: Tag hinzufügen
Keine Tags, Fügen Sie das erste Tag hinzu!

MARC

LEADER 00000naa$a2200000$$$4500
001 0067305
005 20240502071816.2
041 0 |a slo 
044 |a SK 
245 1 0 |a Charakteristika a základné princípy vedenia jednoduchého účtovníctva  |c Anna Baštincová 
100 1 |a Baštincová, Anna